01355cam a2200337 a 4500001001400000003000800014005001700022006001900039007001500058008004100073020003800114040003000152049002600182050002200208082001400230245011100244260005000355300004300405504005100448520018200499521001700681588004700698650002400745655002900769700001900798710001600817776003500833856011400868942001600982999001900998EDZ0000072152StDuBDS20161031105154.0m||||||||d||||||||cr |||||||||||120412s2007 caua fo| 001|0|eng d a9781446212240 (ebook) :cNo price aStDuBDSbengcStDuBDSepn aAlfaisal Main Library 0aHF1025b.P65 200704a330.922300aPolitics and practice in economic geographyh[electronic resource] /cedited by Adam Tickell ... [et al.]. aLos Angeles, Calif. ;aLondon :bSAGE,c2007. a1 online resource (xv, 320 p.) :bill. aIncludes bibliographical references and index.8 aA critical assessement of qualitative and quantative methods in economic geography, this text discusses key methodological issues in economic geography during the last 20 years. aSpecialized. aDescription based on print version record. 0aEconomic geography. 7aElectronic books.2local1 aTickell, Adam.2 aSage eBooks08iPrint version :z978141290786640uhttp://ezproxy.alfaisal.edu/login?url=http://sk.sagepub.com/books/politics-and-practice-in-economic-geography 2lcccEBOOKS c480898d480898